Polish cities A-Z - Statistics

General Stats
  • This quiz has been taken 13 times
  • The average score is 13 of 24
Answer Stats
Letter Hint City % Correct
G Formely known as Danzig Gdańsk
92%
W Capital of Poland Warsaw
92%
B One of the two capitals of the Kuyavian-Pomeranian Voivodeship Bydgoszcz
83%
K Second largest city in Poland Kraków
83%
Ł Movie capital of Poland Łódź
83%
S Second largest city on the Oder River Szczecin
75%
C Famous for The Jasna Góra Monastery, the most important Catholic pilgrimage site in Poland Częstochowa
67%
O Know for his song festival Opole
67%
P Capital of Greater Poland Voivodeship Poznań
67%
T Birthplace of Nicolaus Copernicus Toruń
67%
E Founded by the Teutonic Knights in 1237 Elbląg
58%
Z Winter capital of Poland Zakopane
58%
A Known as The capital of Polish canoeing Augustów
50%
H Formerly an important naval and military base. It's located at the seaside Hel
50%
M The biggest castle in the world is located there Malbork
50%
R Host of the largest air show in Poland and the whole Europe Radom
50%
L The battle that took place in this city stopped the Mongol expansion Legnica
42%
U Grew in importance in the 19th and early 20th century as a port and seaside resort Ustka
42%
N His nickname is "Silesian Rome" Nysa
33%
D One of the greenest large cities in Poland Dąbrowa Górnicza
25%
F Nicolaus Copernicus have spended most of his live there Frombork
25%
I Solanki Park located there is one of the largest spa parks in Poland Inowrocław
25%
Ż One of the oldest silesian cities Żory
25%
J Between the XVI-XVII century it was the second largest trade center giving way to Frankfurt Jarosław
17%
No matching quizzes found
Score Distribution
Percent of People with Each Score
Percentile by Number Answered
Your Score History
You have not taken this quiz